000 00737nam a2200253Ia 4500
003 OSt
005 20220918171843.0
006 a|||||r|||| 00| 0
007 ta
008 220917b |||||||| |||| 00| 0 eng d
020 _a9788181523549 (hbk)
_c1095
024 _a282,327
037 _b939, 12/12/2014, Bright Book Service
_cTextual
040 _aARTS
_cARTS
_beng
041 _2eng
_aeng
082 _aR6v, Q4
100 _aMahajan Sonia
_939075
245 0 _aModern indian philosophical thoughts
260 _aJaipur
_bBook Enclave India
_c2014
300 _a247p.
_ccm.
650 _aPHILOSOPHY
942 _hR6v, Q4
_cTEXL
_2CC
999 _c141619
_d141619